000 00816nam a2200265Ia 4500
003 OSt
005 20220925170023.0
006 a|||||r|||| 00| 0
007 ta
008 220923b |||||||| |||| 00| 0 eng d
020 _a0472097466
037 _cGeneral Book
040 _aRTL
_cRTL
_beng
041 _2eng
_aeng
082 _aX.5.N9, P1
100 _aOrenstein Mitchell A
_9235500
245 0 _aOut of the red
_b Building capitalism and democracy
260 _aAnn Arbor
_bUniversity of Michigan Press
_c2001
300 _axiii, 166p
_ccm.
490 _aDevelopment and Inequality in the market Economy
500 _aBibliography7 P 140-160
650 _aEconomic conditions Europe
_9235501
942 _hX.5.N9, P1
_cGB
_2CC
999 _c478915
_d478915